02085cam a22004454i 4500003000900000005001700009008004100026020002300067020002600090035002700116040005800143049000900201050002200210082002000232100004100252245010200293264004900395300004400444336002100488337002500509338002300534504004200557505018800599526000900787526000900796526000800805526000800813526000800821526000800829630002900837650002500866910002800891942001400919949021000933994001401143596000601157999024001163980005501403952018101458PE-LiUPU20250731175616.0150826s2011 miua rb 000 0 eng d a0310493919q(pbk.) a9780310493914q(pbk.) a(Sirsi) i9780310493914 aDLCcDLCdIG#dMRTdDTMdVP@dSGBdDLCdPE-LiUPUerda aPRUA00aPJ5213b.V36 201100a492.29bV252221 aVan Pelt, Miles V.,d1969- ,eautor.10aBasics of Biblical Aramaic :bcomplete grammar, lexicon, and annotated text /cMiles V. Van Pelt. 1aGrand Rapids, Michigan :bZondervan,cc2011. axiii, 235 páginas ;c28 centímetros atext2rdacontent aunmediated2rdamedia avolume2rdacarrier aIncluye referencias bibliográficas.0 aAramaic phonological system -- Aramaic nominal state -- Aramaic verbal system: peal -- Aramaic verbal system: derived stems -- Charts and paradigms -- Annotated Biblical Aramaic text. aP145 aP127 aP97 aP35 aP14 aP0700aBiblia.pA.T.xLanguaje. 0aArameoxGramática. ardgbjckcrdgd20150826 2ddccBOOK aPGT 492.29 V25wDEWEYc1i71956d2016-6-13e2016-6-3lCCODEBUL1mBULn2p46.00r0sYtBOOKu2015-8-26xTEOLOGIAPP850COMPRAo.CIRCNOTE. No olvidar cambiar la fecha de devolución!!!!!!!o.STAFF. Posgrado aC0bPEPRU a1 aPGT 492.29 V25wDEWEYc6850i71956d6850e2016-6-3f2021-11-11g5lCCODEBUL1mBULn2p46.00q1r0sYtBOOKu2015-8-26xTEOLOGIAPP850COMPRAo.CIRCNOTE. No olvidar cambiar la fecha de devolución!!!!!!!o.STAFF. Colección Teología 81gALBERTO SANCHEZ Responsable de Automatización r2025-12-02 00:00:00i6l4o492.29 V25p71956s2024-10-07te1v51.00w2015-08-26xPGyBKzinventario-2023-12-13102ddc50708GENfP85aBULbBULcGENd2015-08-26eCOMPRAg46.00